[Event "Lozovatsky memorial 2018"]
[Site "?"]
[Date "2018.01.09"]
[Round "1.1"]
[White "Fakhrutdinov, Timur"]
[Black "Bezgodov, Alexei"]
[Result "1-0"]
[BlackElo "2482"]
[WhiteElo "2417"]
[LiveChessVersion "1.4.8"]

1. e4 {[%clk 1:30:57]} e5 {[%clk 1:30:52]} 2. Nf3 {[%clk 1:31:21]} Nf6
{[%clk 1:31:15]} 3. Nxe5 {[%clk 1:31:46]} d6 {[%clk 1:31:40]} 4. Nf3
{[%clk 1:32:12]} Nxe4 {[%clk 1:32:05]} 5. Nc3 {[%clk 1:32:38]} Nxc3
{[%clk 1:32:20]} 6. dxc3 {[%clk 1:33:01]} Be7 {[%clk 1:32:45]} 7. Be3
{[%clk 1:33:18]} Nc6 {[%clk 1:32:49]} 8. Qd2 {[%clk 1:33:39]} Ne5
{[%clk 1:33:02]} 9. O-O-O {[%clk 1:34:01]} Nxf3 {[%clk 1:33:20]} 10. gxf3
{[%clk 1:34:27]} Be6 {[%clk 1:33:46]} 11. Rg1 {[%clk 1:34:21]} g6
{[%clk 1:34:07]} 12. Bc4 {[%clk 1:33:47]} Bf6 {[%clk 1:21:22]} 13. Bd5
{[%clk 1:28:36]} O-O {[%clk 1:03:48]} 14. Bxb7 {[%clk 1:23:12]} Rb8
{[%clk 1:03:23]} 15. Bc6 {[%clk 1:22:23]} Bd7 {[%clk 0:52:50]} 16. Be4
{[%clk 1:11:29]} Rb5 {[%clk 0:49:23]} 17. b3 {[%clk 1:06:31]} Rh5
{[%clk 0:44:45]} 18. Bxa7 {[%clk 0:46:51]} Ra5 {[%clk 0:41:45]} 19. Bd4
{[%clk 0:46:30]} Rxa2 {[%clk 0:41:30]} 20. Kb1 {[%clk 0:46:11]} Ra5
{[%clk 0:41:24]} 21. Kb2 {[%clk 0:30:50]} Rh5 {[%clk 0:33:18]} 22. Ra1
{[%clk 0:27:13]} Bxd4 {[%clk 0:28:03]} 23. Qxd4 {[%clk 0:25:21]} Rxh2
{[%clk 0:28:12]} 24. Ra8 {[%clk 0:23:49]} Qh4 {[%clk 0:24:13]} 25. Rga1
{[%clk 0:22:14]} Qf4 {[%clk 0:19:11]} 26. Rxf8+ {[%clk 0:16:13]} Kxf8
{[%clk 0:17:49]} 27. Qh8+ {[%clk 0:16:25]} Ke7 {[%clk 0:18:19]} 28. Qb8
{[%clk 0:16:28]} g5 {[%clk 0:02:35]} 29. b4 {[%clk 0:06:00]} h5 {[%clk 0:00:52]}
30. Qxc7 {[%clk 0:02:46]} d5 {[%clk 0:01:11]} 31. Qc5+ {[%clk 0:02:49]} Qd6
{[%clk 0:01:39]} 32. Qxd6+ {[%clk 0:02:48]} Kxd6 {[%clk 0:02:08]} 33. Rd1
{[%clk 0:03:11]} Bc6 {[%clk 0:01:20]} 34. Bxd5 {[%clk 0:02:56]} Bxd5
{[%clk 0:01:16]} 35. c4 {[%clk 0:03:21]} f6 {[%clk 0:00:48]} 36. Rxd5+
{[%clk 0:03:21]} Kxd5 1-0

[Event "Lozovatsky memorial 2018"]
[Site "?"]
[Date "2018.01.09"]
[Round "1.2"]
[White "Gutenev, Alexander"]
[Black "Simantsev, Mikhail"]
[Result "1/2-1/2"]
[BlackElo "2495"]
[WhiteElo "2485"]
[LiveChessVersion "1.4.8"]

1. e4 {[%clk 1:30:55]} e5 {[%clk 1:30:55]} 2. Nf3 {[%clk 1:31:14]} Nc6
{[%clk 1:31:21]} 3. Bb5 {[%clk 1:31:26]} a6 {[%clk 1:31:47]} 4. Ba4
{[%clk 1:31:48]} Nf6 {[%clk 1:32:13]} 5. O-O {[%clk 1:32:12]} Be7
{[%clk 1:32:40]} 6. d3 {[%clk 1:30:48]} b5 {[%clk 1:30:59]} 7. Bb3
{[%clk 1:31:09]} d6 {[%clk 1:31:28]} 8. a3 {[%clk 1:31:24]} O-O {[%clk 1:31:15]}
9. Nc3 {[%clk 1:31:47]} Bg4 {[%clk 1:28:58]} 10. Be3 {[%clk 1:31:12]} Nd4
{[%clk 1:20:38]} 11. Bxd4 {[%clk 1:30:45]} exd4 {[%clk 1:17:53]} 12. Nd5
{[%clk 1:31:01]} Nxd5 {[%clk 1:17:32]} 13. Bxd5 {[%clk 1:31:24]} Rc8
{[%clk 1:17:43]} 14. Bc6 {[%clk 1:30:26]} Bf6 {[%clk 1:14:53]} 15. a4
{[%clk 1:30:44]} Bd7 {[%clk 1:13:24]} 16. Bxd7 {[%clk 1:28:54]} Qxd7
{[%clk 1:11:52]} 17. Qd2 {[%clk 1:27:10]} Qc6 {[%clk 0:57:13]} 18. axb5
{[%clk 0:41:52]} axb5 {[%clk 0:55:47]} 19. Ra5 {[%clk 0:41:13]} Ra8
{[%clk 0:51:14]} 20. Rfa1 {[%clk 0:41:21]} Rxa5 21. Rxa5 {[%clk 0:30:58]} 1/2-1/2

[Event "Lozovatsky memorial 2018"]
[Site "?"]
[Date "2018.01.09"]
[Round "1.3"]
[White "Sitnikov, Anton"]
[Black "Tosic, Miroslav"]
[Result "1-0"]
[BlackElo "2416"]
[WhiteElo "2451"]
[LiveChessVersion "1.4.8"]

1. e4 {[%clk 1:30:48]} c5 {[%clk 1:30:39]} 2. Nf3 e6 {[%clk 1:29:15]} 3. Nc3
{[%clk 1:29:19]} d6 {[%clk 1:27:22]} 4. d4 {[%clk 1:29:41]} cxd4 {[%clk 1:27:45]}
5. Nxd4 {[%clk 1:30:07]} Nc6 {[%clk 1:27:53]} 6. g3 {[%clk 1:30:23]} Bd7
{[%clk 1:25:04]} 7. Ndb5 {[%clk 1:18:21]} Qb8 {[%clk 1:24:40]} 8. a4
{[%clk 1:18:33]} Nf6 {[%clk 1:23:59]} 9. Bg2 {[%clk 1:18:41]} Be7
{[%clk 1:24:07]} 10. O-O {[%clk 1:16:16]} a6 {[%clk 1:16:34]} 11. Na3
{[%clk 1:04:21]} Qc7 {[%clk 1:16:24]} 12. f4 {[%clk 1:03:12]} Rb8
{[%clk 1:10:57]} 13. Kh1 {[%clk 0:44:43]} Bc8 {[%clk 1:03:26]} 14. Be3
{[%clk 0:27:46]} O-O {[%clk 1:01:44]} 15. g4 {[%clk 0:18:01]} d5 {[%clk 1:01:55]}
16. exd5 {[%clk 0:18:19]} Nxd5 {[%clk 1:02:18]} 17. Bxd5 {[%clk 0:07:33]} exd5
{[%clk 1:02:40]} 18. Nxd5 {[%clk 0:07:36]} Qd6 {[%clk 1:01:28]} 19. Nc4
{[%clk 0:01:00]} Qe6 {[%clk 0:59:26]} 20. Ncb6 {[%clk 0:01:11]} Qxg4
{[%clk 0:47:23]} 21. Nxc8 {[%clk 0:00:35]} Qxc8 {[%clk 0:47:46]} 22. f5
{[%clk 0:00:58]} Rd8 {[%clk 0:47:48]} 23. Qf3 {[%clk 0:00:36]} Bf8
{[%clk 0:47:07]} 24. Bf4 {[%clk 0:00:36]} Qxf5 {[%clk 0:42:34]} 25. Bxb8
{[%clk 0:00:34]} Qxd5 {[%clk 0:42:56]} 26. Qxd5 {[%clk 0:00:55]} Rxd5
{[%clk 0:43:19]} 27. Bg3 {[%clk 0:01:11]} Rd2 {[%clk 0:38:37]} 28. Rac1
{[%clk 0:00:56]} Be7 {[%clk 0:36:01]} 29. Rfd1 {[%clk 0:01:14]} Re2
{[%clk 0:35:57]} 30. Re1 {[%clk 0:01:32]} Rxe1+ {[%clk 0:36:14]} 31. Rxe1
{[%clk 0:01:52]} Kf8 {[%clk 0:36:40]} 32. c3 {[%clk 0:01:09]} a5 {[%clk 0:36:54]}
33. Bf2 {[%clk 0:00:33]} f6 {[%clk 0:36:23]} 34. Rd1 {[%clk 0:00:47]} Ke8
{[%clk 0:36:46]} 35. Rd5 {[%clk 0:01:02]} Ne5 {[%clk 0:35:39]} 36. Bg3
{[%clk 0:01:24]} Nc4 {[%clk 0:35:10]} 37. Rb5 {[%clk 0:01:13]} g5
{[%clk 0:35:05]} 38. Rxb7 {[%clk 0:01:08]} f5 {[%clk 0:35:29]} 39. b3
{[%clk 0:01:21]} Nd2 {[%clk 0:35:22]} 40. b4 {[%clk 0:01:25]} axb4
{[%clk 0:35:42]} 41. cxb4 {[%clk 0:01:42]} f4 {[%clk 0:36:07]} 42. a5
{[%clk 0:00:56]} fxg3 {[%clk 0:36:12]} 43. a6 {[%clk 0:01:20]} 1-0

[Event "Lozovatsky memorial 2018"]
[Site "?"]
[Date "2018.01.09"]
[Round "1.4"]
[White "Mischuk, Dmitry"]
[Black "Chos, Alexey"]
[Result "1-0"]
[BlackElo "2317"]
[WhiteElo "2382"]
[LiveChessVersion "1.4.8"]

1. e4 {[%clk 1:30:57]} c5 {[%clk 1:30:56]} 2. Nf3 {[%clk 1:31:22]} d6
{[%clk 1:31:22]} 3. c3 {[%clk 1:31:34]} e6 {[%clk 1:31:32]} 4. d4
{[%clk 1:31:58]} cxd4 {[%clk 1:31:54]} 5. cxd4 {[%clk 1:32:24]} Nf6
{[%clk 1:32:06]} 6. Nc3 {[%clk 1:32:16]} d5 {[%clk 1:32:13]} 7. e5
{[%clk 1:32:31]} Ne4 {[%clk 1:32:24]} 8. Bd3 {[%clk 1:31:49]} Nxc3
{[%clk 1:32:41]} 9. bxc3 {[%clk 1:32:15]} Be7 {[%clk 1:31:22]} 10. h4
{[%clk 1:30:34]} h6 {[%clk 1:31:24]} 11. h5 {[%clk 1:23:26]} Nc6 {[%clk 1:30:41]}
12. g4 {[%clk 1:17:46]} Bd7 {[%clk 1:30:00]} 13. Rg1 {[%clk 1:17:50]} Qc7
{[%clk 1:27:28]} 14. Ke2 {[%clk 0:57:22]} O-O-O {[%clk 1:26:03]} 15. Bf4
{[%clk 0:54:47]} Na5 {[%clk 1:23:29]} 16. g5 {[%clk 0:35:40]} Nc4
{[%clk 1:20:55]} 17. gxh6 {[%clk 0:29:22]} gxh6 {[%clk 1:21:03]} 18. Qc2
{[%clk 0:24:09]} Bb5 {[%clk 1:20:35]} 19. Qb3 {[%clk 0:21:12]} Ba6
{[%clk 1:20:22]} 20. Nd2 {[%clk 0:17:02]} Bg5 {[%clk 1:14:36]} 21. Bxg5
{[%clk 0:15:17]} hxg5 {[%clk 1:15:03]} 22. Bxc4 {[%clk 0:15:38]} Bxc4+
{[%clk 1:15:23]} 23. Nxc4 {[%clk 0:16:05]} dxc4 {[%clk 1:15:46]} 24. Qa4
{[%clk 0:16:01]} Rxh5 {[%clk 1:15:56]} 25. Rab1 {[%clk 0:14:02]} Kb8
{[%clk 1:16:06]} 26. Rb4 {[%clk 0:14:21]} Rc8 {[%clk 1:16:28]} 27. Rgb1
{[%clk 0:14:39]} Rh7 {[%clk 1:11:39]} 28. Qa6 {[%clk 0:11:23]} f6
{[%clk 1:11:06]} 29. Rxb7+ {[%clk 0:11:07]} Qxb7 {[%clk 1:11:33]} 30. Rxb7+ Rxb7
{[%clk 1:11:54]} 31. Qd6+ {[%clk 0:11:58]} Rbc7 {[%clk 1:07:44]} 32. exf6
{[%clk 0:12:06]} Kb7 {[%clk 1:07:43]} 33. Qxe6 {[%clk 0:11:36]} Rf8
{[%clk 1:06:02]} 34. d5 {[%clk 0:09:19]} Rcf7 {[%clk 1:06:10]} 35. Qc6+
{[%clk 0:09:45]} Kb8 {[%clk 1:05:41]} 36. d6 {[%clk 0:08:44]} Rd8
{[%clk 0:43:52]} 37. Qxc4 {[%clk 0:07:16]} Rdd7 {[%clk 0:42:13]} 38. Qb5+
{[%clk 0:06:57]} Kc8 {[%clk 0:42:35]} 39. Qc6+ {[%clk 0:07:10]} Kb8
{[%clk 0:42:53]} 40. c4 {[%clk 0:07:12]} g4 {[%clk 0:43:02]} 41. c5
{[%clk 0:07:31]} g3 {[%clk 0:43:06]} 42. fxg3 {[%clk 0:07:55]} a5
{[%clk 0:43:36]} 43. Kd3 {[%clk 0:07:59]} a4 {[%clk 0:43:59]} 44. Kd4
{[%clk 0:07:51]} a3 {[%clk 0:44:22]} 45. Ke5 {[%clk 0:08:11]} Rd8
{[%clk 0:44:41]} 46. Qb6+ {[%clk 0:08:25]} Kc8 {[%clk 0:44:49]} 47. Qc6+
{[%clk 0:08:24]} Kb8 {[%clk 0:45:13]} 48. Ke6 {[%clk 0:08:48]} Rdf8
{[%clk 0:45:33]} 49. Qf3 {[%clk 0:08:46]} Ka7 {[%clk 0:45:41]} 50. Qxa3+
{[%clk 0:08:52]} Kb8 {[%clk 0:46:01]} 51. Qb2+ {[%clk 0:09:06]} Kc8
{[%clk 0:46:23]} 52. c6 {[%clk 0:09:06]} Re7+ 1-0

[Event "Lozovatsky memorial 2018"]
[Site "?"]
[Date "2018.01.09"]
[Round "1.5"]
[White "Matsenko, Andrei"]
[Black "Radzhabov, Rodion"]
[Result "1/2-1/2"]
[BlackElo "2314"]
[WhiteElo "2285"]
[LiveChessVersion "1.4.8"]

1. d4 {[%clk 1:30:57]} Nf6 {[%clk 1:30:51]} 2. c4 {[%clk 1:31:18]} e6
{[%clk 1:31:15]} 3. Nf3 {[%clk 1:31:44]} Bb4+ {[%clk 1:31:40]} 4. Bd2
{[%clk 1:32:12]} Qe7 {[%clk 1:31:52]} 5. g3 {[%clk 1:32:27]} Bxd2+
{[%clk 1:32:15]} 6. Qxd2 {[%clk 1:31:49]} Nc6 {[%clk 1:32:36]} 7. e3
{[%clk 1:20:23]} O-O {[%clk 1:29:28]} 8. Bg2 {[%clk 1:09:33]} d5 {[%clk 1:22:55]}
9. Qc3 {[%clk 1:05:13]} Ne4 {[%clk 1:12:53]} 10. Qc1 {[%clk 1:05:25]} b6
{[%clk 1:05:05]} 11. O-O {[%clk 0:58:53]} Na5 {[%clk 0:57:33]} 12. Nfd2
{[%clk 0:47:50]} Nxd2 {[%clk 0:55:50]} 13. Nxd2 {[%clk 0:48:12]} Ba6
{[%clk 0:56:15]} 14. b3 {[%clk 0:46:43]} Rac8 {[%clk 0:55:29]} 15. Qc3
{[%clk 0:42:06]} Rfd8 {[%clk 0:45:51]} 16. Rfc1 {[%clk 0:38:05]} dxc4
{[%clk 0:10:57]} 17. bxc4 {[%clk 0:35:27]} Bb7 {[%clk 0:07:18]} 18. c5
{[%clk 0:33:11]} Bxg2 {[%clk 0:06:39]} 19. Kxg2 {[%clk 0:33:37]} Qd7
{[%clk 0:06:24]} 20. Nb3 {[%clk 0:20:08]} Nc6 {[%clk 0:05:09]} 21. Qc4 e5
{[%clk 0:03:31]} 22. cxb6 {[%clk 0:13:40]} cxb6 {[%clk 0:03:50]} 23. Qb5
{[%clk 0:13:43]} Qd6 {[%clk 0:01:00]} 24. Rd1 {[%clk 0:10:34]} exd4
{[%clk 0:00:36]} 25. Nxd4 {[%clk 0:10:52]} Nxd4 {[%clk 0:00:39]} 26. Rxd4
{[%clk 0:11:16]} Qb8 {[%clk 0:00:32]} 27. Rad1 {[%clk 0:11:02]} h6
{[%clk 0:00:52]} 28. e4 {[%clk 0:10:01]} Rxd4 {[%clk 0:00:51]} 29. Rxd4
{[%clk 0:10:30]} Rd8 {[%clk 0:01:08]} 30. Rd5 {[%clk 0:10:23]} Qc7
{[%clk 0:00:51]} 31. a4 {[%clk 0:09:30]} Qe7 {[%clk 0:01:01]} 32. Re5
{[%clk 0:07:04]} Qc7 {[%clk 0:01:04]} 33. Rd5 {[%clk 0:06:52]} Qe7
{[%clk 0:01:30]} 34. Re5 {[%clk 0:06:56]} Qc7 {[%clk 0:01:53]} 1/2-1/2

[Event "Lozovatsky memorial 2018"]
[Site "?"]
[Date "2018.01.09"]
[Round "1.6"]
[White "Tologontegin, Semetey"]
[Black "Kholopov, Alexander A"]
[Result "1-0"]
[BlackElo "2305"]
[WhiteElo "2409"]
[LiveChessVersion "1.4.8"]

1. Nf3 {[%clk 1:30:56]} Nf6 {[%clk 1:30:44]} 2. e3 {[%clk 1:31:18]} g6
{[%clk 1:28:55]} 3. d4 {[%clk 1:28:53]} Bg7 {[%clk 1:29:18]} 4. b4
{[%clk 1:27:42]} O-O {[%clk 1:28:45]} 5. Bb2 {[%clk 1:27:54]} b6 {[%clk 1:28:02]}
6. Nbd2 {[%clk 1:27:16]} c5 {[%clk 1:27:06]} 7. dxc5 {[%clk 1:21:01]} bxc5
{[%clk 1:27:31]} 8. b5 {[%clk 1:20:35]} a6 {[%clk 1:10:32]} 9. c4
{[%clk 1:19:13]} Bb7 {[%clk 1:04:01]} 10. Qc2 {[%clk 1:10:43]} d6
{[%clk 0:56:27]} 11. Be2 {[%clk 1:05:34]} Nbd7 {[%clk 0:52:11]} 12. a4
{[%clk 1:03:07]} e5 {[%clk 0:51:28]} 13. Nb3 {[%clk 1:01:25]} axb5
{[%clk 0:48:54]} 14. axb5 {[%clk 0:39:30]} Rxa1+ {[%clk 0:48:34]} 15. Bxa1
{[%clk 0:39:53]} e4 {[%clk 0:48:53]} 16. Nfd2 {[%clk 0:39:52]} Qe7
{[%clk 0:48:38]} 17. O-O {[%clk 0:39:37]} Ne5 {[%clk 0:47:05]} 18. Bc3
{[%clk 0:37:40]} h5 {[%clk 0:44:32]} 19. Ra1 {[%clk 0:37:22]} Nfg4
{[%clk 0:31:00]} 20. h3 {[%clk 0:35:48]} Nh6 {[%clk 0:31:24]} 21. Ra7
{[%clk 0:33:57]} Ra8 {[%clk 0:31:49]} 22. Qa2 {[%clk 0:33:42]} Rxa7
{[%clk 0:32:13]} 23. Qxa7 {[%clk 0:34:07]} Nf3+ {[%clk 0:29:53]} 24. Bxf3
{[%clk 0:32:18]} exf3 {[%clk 0:28:45]} 25. Bxg7 {[%clk 0:32:34]} Kxg7
{[%clk 0:28:10]} 26. Nxf3 {[%clk 0:32:14]} Nf5 {[%clk 0:28:04]} 27. Nfd2
{[%clk 0:26:11]} Nxe3 {[%clk 0:24:16]} 28. Qa1+ {[%clk 0:18:30]} Kg8
{[%clk 0:24:10]} 29. fxe3 {[%clk 0:18:53]} Qxe3+ {[%clk 0:24:37]} 30. Kh2
{[%clk 0:19:05]} Qf4+ {[%clk 0:24:06]} 31. Kh1 {[%clk 0:19:13]} Qg3
{[%clk 0:24:13]} 32. Qf1 {[%clk 0:19:19]} Qxh3+ {[%clk 0:24:37]} 33. Kg1
{[%clk 0:19:47]} Qc3 {[%clk 0:24:11]} 34. Qf4 {[%clk 0:19:18]} Qd3
{[%clk 0:24:22]} 35. Na5 {[%clk 0:18:27]} 1-0

[Event "Lozovatsky memorial 2018"]
[Site "?"]
[Date "2018.01.09"]
[Round "1.7"]
[White "Gnusarev, Pavel"]
[Black "Remizov, Yaroslav"]
[Result "1-0"]
[BlackElo "2322"]
[WhiteElo "2294"]
[LiveChessVersion "1.4.8"]

1. d4 {[%clk 1:30:55]} d5 {[%clk 1:30:51]} 2. c4 {[%clk 1:31:16]} e6
{[%clk 1:31:14]} 3. Nf3 {[%clk 1:31:34]} c6 {[%clk 1:31:15]} 4. e3
{[%clk 1:31:45]} Bd6 {[%clk 1:31:34]} 5. Bd3 {[%clk 1:31:59]} f5 {[%clk 1:31:58]}
6. O-O {[%clk 1:32:10]} Nf6 {[%clk 1:32:20]} 7. b3 {[%clk 1:32:26]} Qe7
{[%clk 1:32:45]} 8. Bb2 {[%clk 1:32:43]} O-O {[%clk 1:32:59]} 9. Nc3
{[%clk 1:33:00]} Ne4 {[%clk 1:12:50]} 10. Ne2 {[%clk 1:32:11]} Nd7
{[%clk 1:05:32]} 11. Ne5 {[%clk 1:22:15]} Nec5 {[%clk 1:04:06]} 12. Bc2
{[%clk 0:59:08]} Nxe5 {[%clk 1:02:55]} 13. dxe5 {[%clk 0:56:31]} Bc7
{[%clk 1:02:36]} 14. f4 {[%clk 0:37:29]} Ne4 {[%clk 0:57:43]} 15. Rc1
{[%clk 0:32:58]} Rd8 {[%clk 0:52:15]} 16. Qe1 {[%clk 0:30:13]} a5
{[%clk 0:35:48]} 17. Nd4 {[%clk 0:22:33]} a4 {[%clk 0:30:43]} 18. cxd5
{[%clk 0:15:38]} cxd5 {[%clk 0:29:47]} 19. Bxe4 {[%clk 0:09:34]} dxe4
{[%clk 0:29:15]} 20. Ba3 {[%clk 0:07:57]} Qf7 {[%clk 0:12:05]} 21. Nb5
{[%clk 0:06:59]} Bb6 {[%clk 0:09:41]} 22. Bc5 {[%clk 0:06:23]} Bxc5
{[%clk 0:07:29]} 23. Rxc5 {[%clk 0:06:50]} axb3 {[%clk 0:07:19]} 24. Nd6
{[%clk 0:05:51]} Qh5 {[%clk 0:04:28]} 25. axb3 {[%clk 0:06:06]} Bd7
{[%clk 0:04:25]} 26. Nxb7 {[%clk 0:04:57]} Rdb8 {[%clk 0:04:23]} 27. Ra5
{[%clk 0:04:39]} Rxa5 {[%clk 0:01:52]} 28. Qxa5 {[%clk 0:04:51]} Qe2
{[%clk 0:01:22]} 29. Re1 {[%clk 0:04:44]} Qb5 {[%clk 0:00:44]} 30. Qxb5
{[%clk 0:04:51]} Bxb5 {[%clk 0:01:10]} 31. Nc5 {[%clk 0:05:12]} Kf7
{[%clk 0:00:36]} 32. Ra1 {[%clk 0:05:07]} Rb6 {[%clk 0:01:00]} 33. Ra7+
{[%clk 0:05:30]} Kf8 {[%clk 0:01:13]} 34. Rb7 {[%clk 0:03:58]} Rxb7
{[%clk 0:01:36]} 35. Nxb7 {[%clk 0:04:26]} Ke7 {[%clk 0:01:52]} 36. Nc5
{[%clk 0:04:27]} Bc6 {[%clk 0:01:04]} 37. Kf2 {[%clk 0:04:52]} Bd5
{[%clk 0:01:31]} 38. Ke1 {[%clk 0:04:53]} Kd8 {[%clk 0:01:52]} 39. Kd2
{[%clk 0:05:16]} Kc7 {[%clk 0:02:18]} 40. Kc3 {[%clk 0:05:38]} Kc6
{[%clk 0:02:40]} 41. Kb4 {[%clk 0:05:43]} Kc7 {[%clk 0:00:33]} 42. Na4
{[%clk 0:05:15]} g5 {[%clk 0:00:37]} 43. g3 {[%clk 0:05:20]} gxf4
{[%clk 0:00:52]} 44. gxf4 {[%clk 0:05:46]} Bc6 {[%clk 0:01:11]} 45. Kc5
{[%clk 0:05:55]} h5 {[%clk 0:01:18]} 46. h4 {[%clk 0:06:13]} 1-0

[Event "Lozovatsky memorial 2018"]
[Site "?"]
[Date "2018.01.09"]
[Round "1.8"]
[White "Frolov, Ivan"]
[Black "Kazantsev, Nikita"]
[Result "1/2-1/2"]
[BlackElo "2141"]
[WhiteElo "2286"]
[LiveChessVersion "1.4.8"]

1. Nf3 {[%clk 1:30:54]} Nf6 {[%clk 1:30:53]} 2. d4 {[%clk 1:31:14]} g6
{[%clk 1:31:06]} 3. g3 {[%clk 1:30:17]} Bg7 {[%clk 1:31:21]} 4. Bg2
{[%clk 1:30:42]} O-O {[%clk 1:31:33]} 5. O-O {[%clk 1:31:06]} d6 {[%clk 1:32:00]}
6. b3 {[%clk 1:30:35]} Nc6 {[%clk 1:27:05]} 7. Bb2 {[%clk 1:30:15]} e5
{[%clk 1:24:37]} 8. dxe5 {[%clk 1:30:13]} Ng4 {[%clk 1:24:53]} 9. c4
{[%clk 1:30:18]} Ngxe5 {[%clk 1:23:21]} 10. Nxe5 {[%clk 1:30:43]} Nxe5
{[%clk 1:22:16]} 11. Qd2 {[%clk 1:31:08]} Be6 {[%clk 1:13:30]} 12. f4
{[%clk 1:24:27]} Nc6 {[%clk 1:05:21]} 13. e4 {[%clk 1:24:47]} Bxb2
{[%clk 0:39:34]} 14. Qxb2 {[%clk 1:25:07]} f5 {[%clk 0:39:43]} 15. exf5
{[%clk 1:23:48]} gxf5 {[%clk 0:35:54]} 16. Re1 {[%clk 1:23:33]} Qf6
{[%clk 0:33:37]} 17. Qxf6 {[%clk 1:23:54]} Rxf6 {[%clk 0:34:04]} 18. Nc3
{[%clk 1:24:16]} a6 {[%clk 0:24:04]} 19. Re3 {[%clk 1:24:29]} Nd4
{[%clk 0:14:03]} 20. Bxb7 {[%clk 1:24:11]} Rb8 {[%clk 0:11:16]} 21. Bd5
{[%clk 1:24:06]} c6 {[%clk 0:06:27]} 22. Bxe6+ {[%clk 1:24:16]} Rxe6
{[%clk 0:06:49]} 23. Rxe6 {[%clk 1:24:26]} Nxe6 {[%clk 0:07:15]} 24. Rd1
{[%clk 1:24:31]} Rd8 {[%clk 0:07:42]} 25. Kf2 {[%clk 1:24:49]} Kf7
{[%clk 0:07:44]} 26. Kf3 {[%clk 1:25:05]} h5 {[%clk 0:05:51]} 27. h3
{[%clk 1:23:35]} Nc5 {[%clk 0:04:11]} 28. g4 {[%clk 1:23:22]} hxg4+
{[%clk 0:04:37]} 29. hxg4 {[%clk 1:23:43]} Rh8 {[%clk 0:04:41]} 30. Kg3
{[%clk 1:22:56]} Re8 {[%clk 0:04:38]} 31. Kf2 {[%clk 1:22:57]} fxg4
{[%clk 0:03:53]} 32. Rxd6 {[%clk 1:23:11]} g3+ {[%clk 0:04:14]} 33. Kf3
{[%clk 1:23:32]} Rg8 {[%clk 0:03:23]} 34. Ne2 {[%clk 1:16:54]} g2
{[%clk 0:01:54]} 35. Ng1 {[%clk 1:15:32]} Ne6 {[%clk 0:01:00]} 36. f5
{[%clk 1:15:31]} Ng7 {[%clk 0:01:15]} 37. Rxc6 {[%clk 1:15:04]} Nxf5
{[%clk 0:01:33]} 38. Rxa6 {[%clk 1:15:25]} Ke7 {[%clk 0:01:21]} 39. Rb6
{[%clk 1:14:47]} Kd7 {[%clk 0:00:41]} 40. Rf6 {[%clk 1:13:39]} Nd4+
{[%clk 0:00:48]} 41. Ke4 {[%clk 1:13:42]} Nc6 {[%clk 0:00:42]} 42. Ke3
{[%clk 1:10:42]} Kc7 {[%clk 0:00:46]} 43. Rf2 {[%clk 1:09:34]} Kb6
{[%clk 0:00:46]} 44. Kd2 {[%clk 1:09:40]} Kc5 {[%clk 0:01:01]} 45. Kc3
{[%clk 1:09:05]} Rg5 {[%clk 0:00:38]} 46. a3 {[%clk 1:09:09]} Ne5
{[%clk 0:00:38]} 47. b4+ {[%clk 1:08:44]} Kb6 {[%clk 0:00:44]} 48. Rf6+
{[%clk 1:08:01]} Kc7 {[%clk 0:00:42]} 49. Kd4 {[%clk 1:07:41]} Nc6+
{[%clk 0:00:47]} 50. Ke4 {[%clk 1:07:15]} Rg3 {[%clk 0:00:37]} 51. Rf7+
{[%clk 1:06:24]} Kb6 {[%clk 0:00:38]} 52. c5+ {[%clk 1:04:46]} Ka6
{[%clk 0:00:38]} 53. Kd5 {[%clk 1:04:59]} Rg6 {[%clk 0:00:41]} 54. Ne2
{[%clk 1:04:14]} Nd8 {[%clk 0:00:32]} 55. Rc7 {[%clk 1:02:11]} g1=Q
{[%clk 0:00:52]} 56. Nxg1 {[%clk 1:02:36]} Rxg1 {[%clk 0:01:05]} 57. a4
{[%clk 1:03:01]} Rg5+ {[%clk 0:00:34]} 58. Kd6 {[%clk 1:03:18]} Rg6+
{[%clk 0:00:55]} 59. Kd7 {[%clk 1:03:02]} Rg7+ {[%clk 0:01:01]} 60. Kc8
{[%clk 1:03:12]} Rg8 {[%clk 0:00:36]} 61. Kd7 {[%clk 1:02:52]} Rg7+
{[%clk 0:00:50]} 62. Kd6 {[%clk 1:03:08]} Nb7+ {[%clk 0:00:57]} 1/2-1/2

[Event "Lozovatsky memorial 2018"]
[Site "?"]
[Date "2018.01.09"]
[Round "1.9"]
[White "Frolov, Artiom"]
[Black "Sumnaya, Ekaterina"]
[Result "1-0"]
[BlackElo "1507"]
[WhiteElo "2393"]
[LiveChessVersion "1.4.8"]

1. e4 {[%clk 1:30:54]} e6 {[%clk 1:30:53]} 2. d4 {[%clk 1:30:59]} d5
{[%clk 1:31:08]} 3. Nd2 {[%clk 1:31:04]} Nf6 {[%clk 1:31:08]} 4. e5
{[%clk 1:31:00]} Nfd7 {[%clk 1:31:29]} 5. f4 {[%clk 1:30:52]} c5 {[%clk 1:31:45]}
6. Ndf3 {[%clk 1:31:02]} cxd4 {[%clk 1:31:52]} 7. Nxd4 {[%clk 1:31:18]} Bc5
{[%clk 1:31:36]} 8. Ngf3 {[%clk 1:30:57]} Qb6 {[%clk 1:31:01]} 9. c3
{[%clk 1:30:19]} Nc6 {[%clk 1:30:54]} 10. Be2 {[%clk 1:29:01]} Nxd4
{[%clk 1:30:29]} 11. cxd4 {[%clk 1:28:51]} Bb4+ {[%clk 1:28:21]} 12. Bd2
{[%clk 1:25:14]} Bxd2+ {[%clk 1:28:11]} 13. Qxd2 {[%clk 1:25:30]} O-O
{[%clk 1:27:15]} 14. O-O {[%clk 1:25:21]} Re8 {[%clk 1:23:59]} 15. Rfc1
{[%clk 1:22:53]} Nf8 {[%clk 1:23:34]} 16. Rc5 {[%clk 1:20:46]} Bd7
{[%clk 1:23:42]} 17. b4 {[%clk 1:20:37]} Rac8 {[%clk 1:19:35]} 18. a4
{[%clk 1:20:09]} a6 {[%clk 1:19:42]} 19. Ne1 {[%clk 1:08:50]} Qa7
{[%clk 1:13:08]} 20. a5 {[%clk 1:07:44]} Qb8 {[%clk 1:10:34]} 21. Rac1
{[%clk 0:47:39]} Ng6 {[%clk 1:06:10]} 22. f5 {[%clk 0:38:47]} exf5
{[%clk 1:04:14]} 23. Rxd5 {[%clk 0:38:57]} Be6 {[%clk 1:04:37]} 24. Rdc5
{[%clk 0:36:23]} Red8 {[%clk 0:59:59]} 25. Rxc8 {[%clk 0:30:22]} Rxc8
{[%clk 0:59:59]} 26. Nd3 {[%clk 0:29:02]} Rxc1+ {[%clk 0:59:36]} 27. Qxc1
{[%clk 0:28:45]} Qc8 {[%clk 0:58:52]} 28. Qxc8+ {[%clk 0:26:54]} Bxc8
{[%clk 0:59:17]} 29. Bf3 {[%clk 0:25:30]} Ne7 {[%clk 0:57:58]} 30. Nc5
{[%clk 0:23:25]} Nc6 {[%clk 0:58:08]} 31. Bxc6 {[%clk 0:21:44]} bxc6
{[%clk 0:58:35]} 32. d5 {[%clk 0:21:31]} cxd5 {[%clk 0:58:52]} 33. b5
{[%clk 0:21:27]} axb5 {[%clk 0:58:56]} 34. a6 {[%clk 0:21:44]} Bxa6
{[%clk 0:59:03]} 35. Nxa6 {[%clk 0:22:12]} Kf8 {[%clk 0:59:18]} 36. Kf2
{[%clk 0:22:03]} Ke7 {[%clk 0:59:22]} 37. Ke3 {[%clk 0:22:17]} g5
{[%clk 0:58:37]} 38. Kd4 {[%clk 0:21:26]} h5 {[%clk 0:58:16]} 39. Nc7
{[%clk 0:21:05]} f4 {[%clk 0:55:04]} 40. Nxd5+ {[%clk 0:20:26]} Ke6
{[%clk 0:55:25]} 41. Ke4 {[%clk 0:20:32]} b4 {[%clk 0:55:11]} 42. Nxb4
{[%clk 0:20:50]} f5+ {[%clk 0:55:29]} 43. exf6 {[%clk 0:20:59]} Kxf6
{[%clk 0:55:40]} 44. h4 {[%clk 0:20:38]} f3 {[%clk 0:53:03]} 45. Kxf3
{[%clk 0:20:26]} gxh4 {[%clk 0:52:59]} 46. Kf4 {[%clk 0:20:46]} Kg6
{[%clk 0:52:59]} 47. Nd5 {[%clk 0:21:05]} Kg7 {[%clk 0:51:43]} 48. Ke4 1-0